Statistiques concernant Révolution française 5)

Cliquez ici pour prendre le quiz!

Statistiques générales

  • Ce quiz a été pris 15 fois
  • Le résultat moyen est 5 sur 15

Statistiques - réponses

HintRéponse% Correct
"journée de Prairial"20-23 mai 1795
75%
coup d'état du fructidor4 septembre 1797
50%
tentative de la baie de Quiberonjuin 1795
50%
pacification de l'Ouest de la Francejuin 1796
50%
manifeste de Vérone14 juin 1795
25%
traité de Campo-formio18 octobre 1797
25%
liberté de culte21 février 1795
25%
proclamation de la Constitution23 septembre 1795
25%
loi sur l'Instruction publique25 octobre 1795
25%
exécution de Babeuf27 mai 1797
25%
insurrection royaliste au Tuileries = répression par Barras, Bonaparte5 octobre 1795
25%
mort de Louis XVII8 juin 1795
25%
tentative de débarquement du conte d'Artoismi-décembre 1795
25%
les 2 chambres du Directoire
le conseil des Cinq-Cents
le conseil des Anciens
0%
victoire des royalistes aux électionsmars 1797
0%

Distribution des résultats

Percentile par nombre de réponses

% des personnes avec chaque résultat

Votre développement - résultats

Vous n’avez pas pris ce quiz